[Event "Bashkortostan-ch"]
[Site "Ufa"]
[Date "2018.12.16"]
[Round "1"]
[White "Zatokovenko, Igor"]
[Black "Mukhutdinov, Tigran"]
[Result "1/2-1/2"]
[WhiteElo "2205"]
[BlackElo "2251"]
[PlyCount "75"]
[EventDate "2018.12.16"]
[EventType "tourn"]
[EventRounds "9"]
[EventCountry "RUS"]
[SourceTitle "CBM 188 Extra"]
[Source "ChessBase"]
[SourceDate "2019.02.26"]
[SourceVersion "1"]
[SourceVersionDate "2019.02.26"]
[SourceQuality "1"]

1. d4 d5 2. Nf3 Nf6 3. c3 g6 4. Bf4 Bg7 5. e3 0-0 6. h3 c5 7. Be2 Nc6 8. Nbd2 Nd7 9. 0-0 e5 10. dxe5 Ndxe5 11. Nxe5 Nxe5 12. Nf3 Nc6 13. Qb3 c4 14. Qc2 Bf5 15. Qd2 b5 16. Nd4 Bxd4 17. exd4 Re8 18. Rfe1 Be4 19. f3 Bf5 20. g4 Bd7 21. Bd1 Rxe1+ 22. Qxe1 Qf6 23. Qd2 Re8 24. Kg2 Qe6 25. Kf2 Nd8 26. Bc2 f6 27. Re1 Qxe1+ 28. Qxe1 Rxe1 29. Kxe1 Kf7 30. Kf2 Be8 31. h4 Kg7 32. Kg3 h6 33. Bb8 a6 34. f4 Bd7 35. Bc7 Nc6 36. Bd6 Nd8 37. Bc7 Nf7 38. Bd1 1/2-1/2

[Event "Ufa-ch"]
[Site "Ufa"]
[Date "2012.11.27"]
[Round "9"]
[White "Vildanov, Ruslan"]
[Black "Zatokovenko, Igor"]
[Result "1/2-1/2"]
[WhiteElo "1888"]
[BlackElo "2257"]
[PlyCount "101"]
[EventDate "2012.11.19"]
[EventType "tourn"]
[EventRounds "9"]
[EventCountry "RUS"]
[SourceTitle "CBM 151 Extra"]
[Source "ChessBase"]
[SourceDate "2012.12.18"]
[SourceVersion "1"]
[SourceVersionDate "2012.12.18"]
[SourceQuality "1"]

1. e4 c6 2. d4 d5 3. Nc3 dxe4 4. Nxe4 Nd7 5. Ng5 Ngf6 6. Bd3 e6 7. N1f3 Bd6 8. Qe2 h6 9. Ne4 Nxe4 10. Qxe4 Nf6 11. Qh4 Qa5+ 12. c3 Qh5 13. Qxh5 Nxh5 14. Ne5 Nf6 15. Bf4 Bb8 16. Ke2 Nd7 17. Rhd1 Ke7 18. Bg3 Nf6 19. a4 a5 20. Ra3 Nh5 21. Rb3 Nxg3+ 22. hxg3 Rd8 23. Nc4 Bc7 24. Nb6 Bxb6 25. Rxb6 Kd6 26. Be4 Kc7 27. Rb3 b6 28. c4 Rb8 29. Rbd3 Rd7 30. Ke3 Bb7 31. c5 bxc5 32. dxc5 Rxd3+ 33. Rxd3 Ba6 34. Rd6 Rb3+ 35. Kd4 Bb7 36. Ke5 Rxb2 37. f4 Re2 38. Kd4 Ra2 39. f5 exf5 40. Bxf5 Rd2+ 41. Ke5 Re2+ 42. Kd4 Rxg2 43. Rd7+ Kb8 44. Ke5 Rxg3 45. Kd6 g6 46. Rd8+ Ka7 47. Bd7 Rg5 48. Bxc6 Bxc6 49. Kxc6 Rf5 50. Rd7+ Ka8 51. Rb7 1/2-1/2

[Event "Ufa-ch"]
[Site "Ufa"]
[Date "2012.11.26"]
[Round "8"]
[White "Zatokovenko, Igor"]
[Black "Kalegin, Evgenij"]
[Result "0-1"]
[WhiteElo "2257"]
[BlackElo "2467"]
[PlyCount "56"]
[EventDate "2012.11.19"]
[EventType "tourn"]
[EventRounds "9"]
[EventCountry "RUS"]
[SourceTitle "CBM 151 Extra"]
[Source "ChessBase"]
[SourceDate "2012.12.18"]
[SourceVersion "1"]
[SourceVersionDate "2012.12.18"]
[SourceQuality "1"]

1. d4 Nf6 2. Nf3 g6 3. Bf4 Bg7 4. e3 d6 5. Be2 0-0 6. 0-0 b6 7. a4 a6 8. h3 Bb7 9. Bh2 Nbd7 10. c4 Ne4 11. a5 c5 12. Nbd2 bxa5 13. Nb3 Rb8 14. Qc2 cxd4 15. exd4 e5 16. Nxa5 Ba8 17. c5 exd4 18. c6 Ndc5 19. Rfd1 d3 20. Bxd3 Rxb2 21. Qc1 Nxf2 22. Bf1 Nxd1 23. Qxd1 Ne4 24. Nc4 Bxc6 25. Rxa6 Bb5 26. Rxd6 Nxd6 27. Bxd6 Bxc4 28. Bxc4 Rb6 0-1

[Event "Ufa Gumerov Memorial op"]
[Site "Ufa"]
[Date "2012.08.09"]
[Round "9"]
[White "Litvinov, Maxim"]
[Black "Zatokovenko, Igor"]
[Result "0-1"]
[WhiteElo "1947"]
[BlackElo "2273"]
[PlyCount "116"]
[EventDate "2012.08.01"]
[EventType "swiss"]
[EventRounds "9"]
[EventCountry "RUS"]
[SourceTitle "EXT 2013"]
[Source "ChessBase"]
[SourceDate "2012.11.22"]
[SourceVersion "1"]
[SourceVersionDate "2012.11.22"]
[SourceQuality "1"]

1. e4 c6 2. d4 d5 3. exd5 cxd5 4. Bd3 Nc6 5. c3 Nf6 6. h3 g6 7. Bf4 Bg7 8. Nf3 0-0 9. 0-0 Bf5 10. Bxf5 gxf5 11. Ne5 Rc8 12. Nd3 Kh8 13. Nd2 e6 14. Qe2 Rg8 15. Kh2 Bf8 16. Nf3 Bd6 17. Nfe5 Rg7 18. Kh1 Qe7 19. Bh6 Rgg8 20. Bf4 Bb8 21. Rae1 Nd7 22. f3 Rg7 23. g4 Ndxe5 24. Nxe5 Qh4 25. Qh2 Nxe5 26. Bxe5 Bxe5 27. Rxe5 Rcg8 28. Rg1 h5 29. Re2 hxg4 30. hxg4 Rh7 31. Qxh4 Rxh4+ 32. Rh2 Rxh2+ 33. Kxh2 fxg4 34. fxg4 Kg7 35. Kg3 Kg6 36. Rh1 b5 37. Kf4 a5 38. a3 Rb8 39. b3 Rc8 40. Rc1 f6 41. b4 a4 42. Rc2 Rh8 43. Re2 Kf7 44. Rg2 Rh3 45. Rc2 Rh1 46. Ra2 Rc1 47. Rh2 Rxc3 48. Rh7+ Kg6 49. Rb7 Rxa3 50. Rxb5 Rd3 51. Rb6 Rxd4+ 52. Kf3 e5 53. b5 Rb4 54. Ra6 Rxb5 55. Rxa4 Rb3+ 56. Ke2 Kg5 57. Ra6 d4 58. Rd6 Rg3 0-1

[Event "Ufa Gumerov Memorial op"]
[Site "Ufa"]
[Date "2012.08.03"]
[Round "3"]
[White "Nasibullin, Iskander"]
[Black "Zatokovenko, Igor"]
[Result "0-1"]
[WhiteElo "1783"]
[BlackElo "2273"]
[PlyCount "90"]
[EventDate "2012.08.01"]
[EventType "swiss"]
[EventRounds "9"]
[EventCountry "RUS"]
[SourceTitle "EXT 2013"]
[Source "ChessBase"]
[SourceDate "2012.11.22"]
[SourceVersion "1"]
[SourceVersionDate "2012.11.22"]
[SourceQuality "1"]

1. e4 d6 2. d4 e5 3. Nf3 Qe7 4. Nc3 c6 5. Be3 Nf6 6. d5 Qc7 7. h3 Nbd7 8. Be2 Be7 9. 0-0 Nf8 10. Qd2 Ng6 11. Ne1 0-0 12. Nd3 Ne8 13. f4 exf4 14. Nxf4 Nf6 15. Rad1 Ne5 16. Bd4 Nfd7 17. Qe1 c5 18. Nb5 Qd8 19. Bf2 a6 20. Nc3 b5 21. Nd3 Bf6 22. Bg3 Qe7 23. Nf4 g6 24. Kh1 Bg7 25. Rd2 Bb7 26. a3 Rab8 27. Bf3 Nc4 28. Re2 Nxb2 29. Nd3 Nc4 30. Nd1 Nxa3 31. e5 Nxe5 32. Nxe5 dxe5 33. Bxe5 Bxe5 34. Rxe5 Qd6 35. Nb2 Nxc2 36. Qe4 Nd4 37. Re1 Rbd8 38. Nd3 Nxf3 39. Qxf3 Bxd5 40. Qe3 Bxg2+ 41. Kxg2 Qxd3 42. Qxc5 Rc8 43. Qe7 Rc2+ 44. R5e2 Rfc8 45. Kg1 Qg3+ 0-1

[Event "Ufa Gumerov Memorial op"]
[Site "Ufa"]
[Date "2012.08.01"]
[Round "1"]
[White "Iskhakov, Artur"]
[Black "Zatokovenko, Igor"]
[Result "0-1"]
[WhiteElo "1905"]
[BlackElo "2273"]
[PlyCount "120"]
[EventDate "2012.08.01"]
[EventType "swiss"]
[EventRounds "9"]
[EventCountry "RUS"]
[SourceTitle "EXT 2013"]
[Source "ChessBase"]
[SourceDate "2012.11.22"]
[SourceVersion "1"]
[SourceVersionDate "2012.11.22"]
[SourceQuality "1"]

1. e4 c6 2. d4 d5 3. e5 Qb6 4. c4 Bf5 5. Nc3 e6 6. Nf3 Ne7 7. cxd5 cxd5 8. Bd2 Nbc6 9. Na4 Qc7 10. Rc1 Bg4 11. b4 a6 12. a3 Nf5 13. Be3 Be7 14. Be2 0-0 15. 0-0 f6 16. Bf4 Qd8 17. exf6 Bxf6 18. Nc5 Qe7 19. Ne5 Bxe2 20. Nxc6 bxc6 21. Qxe2 Nxd4 22. Qd3 a5 23. Rfe1 axb4 24. axb4 e5 25. Qe3 Rae8 26. Qh3 Ne6 27. Be3 Qf7 28. Ra1 Nxc5 29. Bxc5 Be7 30. Ra7 Qf6 31. Qg3 Bxc5 32. bxc5 Rf7 33. Ra3 Qf4 34. Qxf4 Rxf4 35. Ra6 Rf6 36. Rb1 Re7 37. Rbb6 Rc7 38. Kf1 Kf7 39. Ke2 Kg6 40. f3 Kf5 41. Ke3 h5 42. h4 Rg6 43. Rb2 Re7 44. Rf2 Rb7 45. Rc2 Rb3+ 46. Kf2 e4 47. Ra4 Re6 48. fxe4+ Rxe4 49. Ra8 Rf4+ 50. Ke2 Rxh4 51. Rd8 Re4+ 52. Kf2 Re6 53. Rf8+ Rf6 54. Re8 Rb4 55. Re3 Rf4+ 56. Kg1 Re4 57. Rd3 Ke5 58. Rdc3 d4 59. Rg3 g6 60. Rd2 Re3 0-1

[Event "Ufa-ch sf1"]
[Site "Ufa"]
[Date "2012.01.21"]
[Round "1"]
[White "Zatokovenko, Igor"]
[Black "Sabitov, Gamir"]
[Result "1-0"]
[WhiteElo "2270"]
[BlackElo "1817"]
[PlyCount "53"]
[EventDate "2012.01.21"]
[EventType "swiss"]
[EventRounds "9"]
[EventCountry "RUS"]
[SourceTitle "EXT 2014"]
[Source "ChessBase"]
[SourceDate "2013.11.20"]
[SourceVersion "1"]
[SourceVersionDate "2013.11.20"]
[SourceQuality "1"]

1. d4 d6 2. c4 Nd7 3. Nf3 e5 4. Nc3 Ngf6 5. g3 Be7 6. Bg2 0-0 7. 0-0 c6 8. Qc2 Qc7 9. b3 Rb8 10. Bb2 Re8 11. Rfc1 b6 12. Rd1 Bb7 13. Rac1 h6 14. e3 Bf8 15. Ba3 Rbc8 16. b4 e4 17. Nd2 d5 18. Qb3 Qb8 19. b5 cxb5 20. cxd5 Bxa3 21. Qxa3 Nxd5 22. Nxb5 a5 23. Nd6 Rxc1 24. Rxc1 Rd8 25. Nxb7 Qxb7 26. Nxe4 Kh8 27. Nd6 1-0

[Event "Ufa Kopylov Memorial op-B 8th"]
[Site "Ufa "]
[Date "2011.12.17"]
[Round "2.11"]
[White "Kalegin, Evgenij"]
[Black "Zatokovenko, Igor"]
[Result "1-0"]
[WhiteElo "2480"]
[BlackElo "2268"]
[PlyCount "87"]
[EventDate "2011.12.15"]
[EventType "k.o."]
[EventRounds "7"]
[EventCountry "RUS"]
[SourceTitle "EXT 2014"]
[Source "ChessBase"]
[SourceDate "2013.11.20"]
[SourceVersion "1"]
[SourceVersionDate "2013.11.20"]
[SourceQuality "1"]

1. e4 c6 2. d4 d5 3. Nc3 b5 4. e5 Bf5 5. Nge2 e6 6. Ng3 Bg6 7. h4 h6 8. Nce2 a6 9. Nf4 Bh7 10. Bd3 c5 11. Bxh7 Rxh7 12. a4 b4 13. dxc5 Bxc5 14. Nd3 Bf8 15. h5 Nc6 16. 0-0 Nge7 17. Re1 Qd7 18. Bd2 a5 19. c3 bxc3 20. Bxc3 Nc8 21. Rc1 Be7 22. Bd2 Rh8 23. Qg4 Kf8 24. Nc5 Bxc5 25. Rxc5 N8e7 26. Qf4 Kg8 27. Qe3 Rd8 28. Rec1 Kh7 29. Qd3+ g6 30. hxg6+ fxg6 31. Nh5 Nxe5 32. Nf6+ Kg7 33. Qd4 Kxf6 34. Bf4 Kf7 35. Bxe5 Rh7 36. Rc7 Qe8 37. Qf4+ Kg8 38. Qf6 Qf7 39. Rxe7 Qxe7 40. Qxg6+ Rg7 41. Qxh6 Re8 42. Rc3 Qg5 43. Bxg7 Qxg7 44. Rg3 1-0

[Event "Ufa-ch Higher league"]
[Site "Ufa"]
[Date "2011.11.20"]
[Round "1.5"]
[White "Kalegin, Evgenij"]
[Black "Zatokovenko, Igor"]
[Result "1/2-1/2"]
[WhiteElo "2480"]
[BlackElo "2254"]
[PlyCount "49"]
[EventDate "2011.11.20"]
[EventType "tourn"]
[EventRounds "9"]
[EventCountry "RUS"]
[SourceTitle "EXT 2022"]
[Source "ChessBase"]
[SourceDate "2021.10.06"]
[SourceVersion "1"]
[SourceVersionDate "2021.10.06"]
[SourceQuality "1"]

1. e4 c6 2. d4 d5 3. Nd2 Qb6 4. Ngf3 Bg4 5. c3 e6 6. Bd3 Nf6 7. 0-0 Be7 8. Re1 Bh5 9. h3 dxe4 10. Nxe4 Nbd7 11. Ng3 Bg6 12. Bxg6 hxg6 13. Ng5 c5 14. dxc5 Bxc5 15. Qf3 0-0 16. b4 Be7 17. Bd2 Rac8 18. Rac1 Rc4 19. Qe2 Rfc8 20. N3e4 Nxe4 21. Nxe4 Nf6 22. Nxf6+ Bxf6 23. Qf3 Qc6 24. Qxc6 R8xc6 25. Red1 1/2-1/2

[Event "Ufa Siamidi Memorial"]
[Site "Ufa"]
[Date "2011.10.18"]
[Round "3.2"]
[White "Zatokovenko, Igor"]
[Black "Glidzhain, Gor Mikhailovich"]
[Result "0-1"]
[WhiteElo "2257"]
[BlackElo "2331"]
[PlyCount "72"]
[EventDate "2011.10.16"]
[EventType "swiss"]
[EventRounds "9"]
[EventCountry "RUS"]
[SourceTitle "EXT 2012"]
[Source "ChessBase"]
[SourceDate "2011.11.24"]
[SourceVersion "1"]
[SourceVersionDate "2011.11.24"]
[SourceQuality "1"]

1. d4 Nf6 2. Nf3 c5 3. c3 d5 4. e3 Nc6 5. Nbd2 e6 6. Bd3 Bd6 7. 0-0 0-0 8. dxc5 Bxc5 9. e4 e5 10. exd5 Qxd5 11. Bc4 Qd8 12. Nb3 Bxf2+ 13. Kxf2 Qb6+ 14. Ke1 Bg4 15. h3 Bh5 16. g4 Bg6 17. Nh4 e4 18. Nxg6 hxg6 19. Bf4 a5 20. Qd6 a4 21. Qc5 Qd8 22. Rd1 Nd7 23. Qg5 Qxg5 24. Bxg5 axb3 25. Bxb3 Nc5 26. Bd5 Nd3+ 27. Kd2 Nxb2 28. Rb1 Ra5 29. c4 Rxa2 30. c5 Ra3 31. Rxb2 Rd3+ 32. Ke2 Rxd5 33. Be3 Ra8 34. Rf4 f5 35. Rd2 Rxd2+ 36. Bxd2 g5 0-1

[Event "Ufa Siamidi Memorial op"]
[Site "Ufa"]
[Date "2010.10.25"]
[Round "8"]
[White "Imashev, Ildar"]
[Black "Zatokovenko, Igor"]
[Result "1-0"]
[WhiteElo "2283"]
[BlackElo "2273"]
[PlyCount "65"]
[EventDate "2010.10.18"]
[EventType "swiss"]
[EventRounds "9"]
[EventCountry "RUS"]
[SourceTitle "EXT 2011"]
[Source "ChessBase"]
[SourceDate "2010.11.26"]
[SourceVersion "1"]
[SourceVersionDate "2010.11.26"]
[SourceQuality "1"]

1. e4 c6 2. d4 d5 3. e5 Bf5 4. Nf3 e6 5. Be2 Ne7 6. Nbd2 Bg4 7. 0-0 Nf5 8. c3 Nd7 9. h3 Bxf3 10. Nxf3 Be7 11. Bd3 0-0 12. Qc2 g6 13. g4 Ng7 14. Bh6 f5 15. exf6 Bxf6 16. Rae1 Qc7 17. Bxg7 Kxg7 18. Rxe6 Rf7 19. Kg2 Raf8 20. Qd2 Bd8 21. Ng5 Bxg5 22. Qxg5 Rf6 23. Re7+ R8f7 24. Rxf7+ Rxf7 25. f4 Rf6 26. f5 h6 27. Qe3 gxf5 28. Bxf5 Qd6 29. Qe8 Rf7 30. Be6 Rxf1 31. Qg8+ Kf6 32. Qf7+ Kg5 33. h4+ 1-0

[Event "Ufa Siamidi Memorial op"]
[Site "Ufa"]
[Date "2010.10.20"]
[Round "3"]
[White "Garifullin, Ildar"]
[Black "Zatokovenko, Igor"]
[Result "0-1"]
[WhiteElo "1852"]
[BlackElo "2273"]
[PlyCount "34"]
[EventDate "2010.10.18"]
[EventType "swiss"]
[EventRounds "9"]
[EventCountry "RUS"]
[SourceTitle "EXT 2011"]
[Source "ChessBase"]
[SourceDate "2010.11.26"]
[SourceVersion "1"]
[SourceVersionDate "2010.11.26"]
[SourceQuality "1"]

1. e4 c6 2. d4 d5 3. exd5 cxd5 4. Nf3 Nc6 5. c4 Nf6 6. Nc3 g6 7. Bf4 Bg7 8. c5 0-0 9. Be2 Ne4 10. 0-0 Bg4 11. Ne5 Bxe2 12. Nxc6 Bxd1 13. Nxd8 Nxc3 14. bxc3 Be2 15. Rfe1 Ba6 16. c6 Rfxd8 17. c7 Rd7 0-1

[Event "Ufa Dautov Memorial op"]
[Site "Ufa"]
[Date "2010.04.06"]
[Round "4"]
[White "Zatokovenko, Igor"]
[Black "Dubov, Danil"]
[Result "0-1"]
[WhiteElo "2274"]
[BlackElo "2161"]
[PlyCount "82"]
[EventDate "2010.04.03"]
[EventType "swiss"]
[EventRounds "9"]
[EventCountry "RUS"]
[SourceTitle "CBM 135 Extra"]
[Source "ChessBase"]
[SourceDate "2010.05.04"]
[SourceVersion "1"]
[SourceVersionDate "2010.05.04"]
[SourceQuality "1"]

1. d4 Nf6 2. Nf3 g6 3. c4 Bg7 4. Nc3 0-0 5. h3 d6 6. Bf4 Nfd7 7. e3 e5 8. Bh2 Nc6 9. Be2 Nb6 10. 0-0 f5 11. Rb1 e4 12. Nd2 g5 13. b4 Ne7 14. c5 dxc5 15. bxc5 Nbd5 16. Qb3 Kh8 17. Bc4 Nxc3 18. Qxc3 Ng6 19. Qa5 f4 20. Nxe4 Bf5 21. Bd3 fxe3 22. fxe3 Bxd4 23. exd4 Qxd4+ 24. Kh1 Qxd3 25. Nf2 Qd5 26. Rbd1 Qc6 27. Qxc7 Qxc7 28. Bxc7 Rfc8 29. Bd6 b6 30. Nd3 Bxd3 31. Rxd3 bxc5 32. Rd5 c4 33. Rxg5 Rc6 34. Be5+ Nxe5 35. Rxe5 c3 36. Rc1 Rac8 37. Rc2 R8c7 38. Rg5 h6 39. Rg3 Kh7 40. Kg1 Rc4 41. Kf2 R4c6 0-1

[Event "Ufa Kopylov Memorial"]
[Site "Ufa"]
[Date "2009.12.22"]
[Round "9"]
[White "Khakimov, Timur"]
[Black "Zatokovenko, Igor"]
[Result "1-0"]
[WhiteElo "2288"]
[BlackElo "2273"]
[PlyCount "57"]
[EventDate "2009.12.15"]
[EventType "tourn"]
[EventRounds "11"]
[EventCountry "RUS"]
[EventCategory "3"]
[SourceTitle "CBM 134 Extra"]
[Source "ChessBase"]
[SourceDate "2010.03.03"]
[SourceVersion "1"]
[SourceVersionDate "2010.03.03"]
[SourceQuality "1"]

1. d4 d5 2. c4 c6 3. Nf3 Nf6 4. Nc3 Qb6 5. c5 Qc7 6. g3 Bf5 7. Bf4 Qc8 8. Bg2 h6 9. 0-0 e6 10. Ne5 Be7 11. f3 0-0 12. e4 Bh7 13. Qe2 Rd8 14. Rfd1 Bf8 15. Bh3 b6 16. cxb6 axb6 17. Rac1 Qb7 18. exd5 Nxd5 19. Nxd5 Rxd5 20. Nxf7 Bf5 21. Bxf5 exf5 22. Ne5 c5 23. Qc4 Kh7 24. dxc5 Rxd1+ 25. Rxd1 Bxc5+ 26. Kg2 Qe7 27. a3 g5 28. Rd8 Qg7 29. Qe6 1-0

[Event "Ufa Kopylov Memorial"]
[Site "Ufa"]
[Date "2009.12.18"]
[Round "4"]
[White "Zatokovenko, Igor"]
[Black "Glidzhain, Gor Mikhailovich"]
[Result "1-0"]
[WhiteElo "2273"]
[BlackElo "2354"]
[PlyCount "111"]
[EventDate "2009.12.15"]
[EventType "tourn"]
[EventRounds "11"]
[EventCountry "RUS"]
[EventCategory "3"]
[SourceTitle "CBM 134 Extra"]
[Source "ChessBase"]
[SourceDate "2010.03.03"]
[SourceVersion "1"]
[SourceVersionDate "2010.03.03"]
[SourceQuality "1"]

1. d4 Nf6 2. Nf3 d5 3. c3 c5 4. dxc5 e6 5. b4 a5 6. Qb3 Ne4 7. e3 Be7 8. a3 0-0 9. Bb2 Nc6 10. Nbd2 Nxd2 11. Nxd2 e5 12. Nf3 Be6 13. b5 e4 14. bxc6 exf3 15. cxb7 Rb8 16. c6 Qc7 17. Bb5 fxg2 18. Rg1 Qxh2 19. 0-0-0 Bg4 20. Rde1 Bf3 21. c4 dxc4 22. Qxc4 Bd6 23. c7 Bxc7 24. Bc6 Bxc6 25. Qxc6 Be5 26. Rxg2 Bxb2+ 27. Kxb2 Qe5+ 28. Ka2 Rfd8 29. f4 Qe7 30. Rb2 h5 31. e4 Qh4 32. Qc1 Qf6 33. Qc7 Qe6+ 34. Ka1 h4 35. f5 Qd7 36. Rc1 Qe8 37. Qxa5 Qxe4 38. Qxd8+ Rxd8 39. Rc8 Qh1+ 40. Rb1 Qf3 41. Rxd8+ Kh7 42. Rh8+ Kxh8 43. b8Q+ Kh7 44. Qb4 Qg3 45. Ka2 Qg2+ 46. Rb2 Qd5+ 47. Qb3 Qxf5 48. Qc2 Qxc2 49. Rxc2 g5 50. Rh2 Kg6 51. a4 g4 52. Rxh4 f5 53. a5 g3 54. Rh8 Kf7 55. Rh3 f4 56. Rh4 1-0

[Event "Ufa Kopylov Memorial"]
[Site "Ufa"]
[Date "2009.12.15"]
[Round "1"]
[White "Zatokovenko, Igor"]
[Black "Nozdrin, Alexander V"]
[Result "1/2-1/2"]
[WhiteElo "2273"]
[BlackElo "2379"]
[PlyCount "54"]
[EventDate "2009.12.15"]
[EventType "tourn"]
[EventRounds "11"]
[EventCountry "RUS"]
[EventCategory "3"]
[SourceTitle "CBM 134 Extra"]
[Source "ChessBase"]
[SourceDate "2010.03.03"]
[SourceVersion "1"]
[SourceVersionDate "2010.03.03"]
[SourceQuality "1"]

1. d4 Nf6 2. Nf3 e6 3. Bg5 Be7 4. Nbd2 b6 5. e4 Bb7 6. Bd3 Nd5 7. Bxe7 Nxe7 8. 0-0 0-0 9. Qe2 Ng6 10. g3 c5 11. c3 cxd4 12. cxd4 Nc6 13. a3 a6 14. Rfc1 Nce7 15. Rc2 f5 16. Rac1 fxe4 17. Bxe4 Nd5 18. Bxg6 hxg6 19. Ne5 g5 20. Ne4 a5 21. Ng6 Nf6 22. Nxf6+ Rxf6 23. Qh5 Kf7 24. Ne5+ Kg8 25. Rc7 Rc8 26. Rxc8 Bxc8 27. Qxg5 Rf8 1/2-1/2

[Event "Ufa Dautov Memorial op"]
[Site "Ufa"]
[Date "2009.04.02"]
[Round "2"]
[White "Melnikov, Sergey"]
[Black "Zatokovenko, Igor"]
[Result "1/2-1/2"]
[WhiteElo "2107"]
[BlackElo "2254"]
[PlyCount "58"]
[EventDate "2009.04.01"]
[EventType "swiss"]
[EventRounds "9"]
[EventCountry "RUS"]
[SourceTitle "CBM 130 Extra"]
[Source "ChessBase"]
[SourceDate "2009.07.02"]
[SourceVersion "2"]
[SourceVersionDate "2009.07.15"]
[SourceQuality "1"]

1. d4 Nf6 2. c4 c6 3. Nf3 d5 4. Nc3 Qb6 5. c5 Qc7 6. g3 b6 7. Bf4 Qb7 8. cxb6 axb6 9. Bg2 h6 10. 0-0 Bf5 11. Ne5 e6 12. Qb3 Be7 13. Rac1 0-0 14. Rfe1 b5 15. e4 Nxe4 16. Nxe4 Bxe4 17. Bxe4 dxe4 18. a3 Rd8 19. Rxe4 c5 20. Rce1 c4 21. Qf3 Nd7 22. Bxh6 Nxe5 23. dxe5 Bf8 24. Bg5 Rd4 25. Qg4 Rxe4 26. Qxe4 Qxe4 27. Rxe4 c3 28. bxc3 Rxa3 29. Bd2 Bc5 1/2-1/2